=LDR 00000nam 2200000 4500 =001 INLIS000000000000635 =005 20250120024429 =035 ##$$a 0010-061300000000635 =008 250120################g##########0#ind## =041 ##$$a Ind =082 ##$$a 92(Nasution) =090 ##$$a 92(Nasution) Nas m =100 ##$$a Nasution, AH =245 1#$$a Memenuhi panggilan tugas /$c AH. Nasution =260 ##$$a Jakarta :$b PT.Djaya pirusa,$c 1993 =300 ##$$a ...jild. : XIII,518 Hal : $b illus ; $c 23 cm. =650 #4$$a Nasution, AH =850 ##$$a NBPNMAT =084 ##$$a 92(Nasution) NAS m =990 ##$$a DW99002001 =990 ##$$a DW99002002 =990 ##$$a DW99002003 =990 ##$$a DW99002004 =990 ##$$a DW99002005 =990 ##$$a DW99002006 =990 ##$$a DW99002007 =990 ##$$a DW99002072 =990 ##$$a DW99002073 =990 ##$$a DW99002074 =990 ##$$a 00380038